Permanent association committees proceedings.

Containing proceedings of the annual meetings of the Western Forest Fire Committee, Western Forest Pest Committee, Western Reforestation Coordinating Committee, and Western Stand Management Committee.

Bibliographic Details
Corporate Author: Western Forestry and Conservation Association
Format: Serial
Language:English
Published: Portland, Or. : The Association.
Subjects:

MARC

Tag First Indicator Second Indicator Subfields
LEADER 00000cas a2200000 4500
001 in00000079746
005 20151008054002.0
008 800423c19uu9999oruar 1uuua0eng d
035 |a (OCoLC)06234587 
035 |9 AAH9280AM 
040 |a TXA  |c TXA  |d UtOrBLW 
049 |a TXAE 
090 |a SD1  |b .W32 
110 2 |a Western Forestry and Conservation Association. 
245 1 0 |a Permanent association committees proceedings. 
264 1 |a Portland, Or. :  |b The Association. 
300 |a  volumes  |a annual. 
336 |a text  |b txt  |2 rdacontent 
337 |a unmediated  |b n  |2 rdamedia 
338 |a volume  |b nc  |2 rdacarrier 
520 |a Containing proceedings of the annual meetings of the Western Forest Fire Committee, Western Forest Pest Committee, Western Reforestation Coordinating Committee, and Western Stand Management Committee. 
650 0 |a Forests and forestry  |v Congresses. 
650 0 |a Forest fires  |x Congresses. 
650 0 |a Forest insects  |x Congresses. 
999 |a MARS 
999 f f |s f49c937c-c081-360d-b35a-7a37b0426173  |i d0b2b337-fd7a-38f1-a759-3d00f6505ae6  |t 0 
952 f f |p ric  |a Texas A&M University  |b Rellis Campus  |c Joint Library Facility  |d Remote Storage  |t 0  |e SD1 .W32  |h Library of Congress classification  |i unmediated -- volume  |l 1975  |m A14809678603 
952 f f |p ric  |a Texas A&M University  |b Rellis Campus  |c Joint Library Facility  |d Remote Storage  |t 0  |e SD1 .W32  |h Library of Congress classification  |i unmediated -- volume  |l 1973  |m A14851217969 
952 f f |p ric  |a Texas A&M University  |b Rellis Campus  |c Joint Library Facility  |d Remote Storage  |t 0  |e SD1 .W32  |h Library of Congress classification  |i unmediated -- volume  |l 1972  |m A14851217951 
952 f f |p ric  |a Texas A&M University  |b Rellis Campus  |c Joint Library Facility  |d Remote Storage  |t 0  |e SD1 .W32  |h Library of Congress classification  |i unmediated -- volume  |l 1974  |m A14851217977 
998 f f |a SD1 .W32  |s 1972-1975  |t 0  |l Remote Storage